[Event "RUS-ch"]
[Site "Krasnodar"]
[Date "2002.08.31"]
[Round "5"]
[White "Hasangatin, Ramil"]
[Black "Yakovich, Yuri"]
[Result "0-1"]
[WhiteElo "2517"]
[BlackElo "2586"]
[Annotator "Yakovich,Y"]
[PlyCount "48"]
[EventDate "2002.08.27"]
[EventType "swiss"]
[EventRounds "9"]
[EventCountry "RUS"]
[SourceTitle "CBM 091"]
[Source "ChessBase"]
[SourceDate "2002.11.12"]
[SourceVersion "1"]
[SourceVersionDate "2002.11.12"]
[SourceQuality "1"]

1. e4 {Mueller,Karsten} c5 2. Nf3 Nc6 3. Bb5 d6 4. d4 cxd4 5. Qxd4 Bd7 6. Bxc6
Bxc6 7. Nc3 Nf6 8. Bg5 e6 9. O-O-O Be7 10. Rhe1 {White protects the pawn e4
and prepares 11.Qd2.} ({In case of immediate} 10. Qd3 $5 {/\Nd4,f4-f5,Qh3
Black can prevent white's plans by} Qa5 $5 11. h4 h6 12. Bd2 Qa6 13. Qxa6 bxa6
14. Rhe1 Ng4 15. Re2 O-O 16. Nd4 Bd7 17. f3 Ne5 18. h5 Rfc8 19. b3 Rc5 $15 {
Kaminski,M-Gelfand,B/Polanica Zdroj/1997/ (27)}) 10... O-O 11. Qd2 {White
would like to bring the knight to d4 as quickly as possible.} ({The alternative
} 11. Kb1 {became less popular after the game Svidler,P-Kasparov,G/Linares
1999 where was} h6 $1 12. Bh4 Re8 $1 $146 13. Bg3 d5 14. e5 (14. Ne5 Qa5 $15)
14... Ne4 15. Nxe4 dxe4 16. Qxd8 Rexd8 17. Nd4 Be8 $1 (17... Bd5 18. Nb5 $14)
18. c3 Rac8 19. Kc2 b5 $1 20. Rxe4 b4 21. Re3 a5 $44 {with an excellent
compensation for the pawn}) 11... h6 $1 {Important move.} 12. Bf4 ({Now} 12.
Bh4 $2 {is not good in view of} Nxe4 $1 13. Nxe4 (13. Rxe4 $2 Bxh4 14. Rxh4 (
14. Rg4 h5 $1 $17) 14... Bxf3 $19) 13... Bxh4 $15) 12... e5 13. Bg3 Rc8 $1 {
Mueller,Karsten: 'The following games indicate that it is White, who has to
play carefully in order to equalize.' Mueller,Karsten: 'Die mit dieser
Stellung gespielten Partien deuten darauf hin, dass es eher Weiß ist, der um
Ausgleich bemüht sein muss.'} (13... b5 $6 {is less precise in view of} 14. Bh4
$1 $14 {Sutovskij-Hodgson, Harplinge 1998. Now} b4 {doesn't work in view of}
15. Bxf6 bxc3 16. Qxc3 $1 $16) 14. Qd3 $146 {White protects the pawn and
prepares 15.Bh4.} ({But immediate} 14. Bh4 {probably is better:} Nxe4 $1 15.
Nxe4 Bxh4 16. Qxd6 Bxe4 17. Rxe4 Qxd6 (17... Bg5+ $5 {Mueller,Karsten}) 18.
Rxd6 Bxf2 19. Rxe5 Rc7 $11 {Sutovsky,E}) (14. Kb1 $2 b5 $1 15. Qe2 {'?!'
Mueller,Karsten.} b4 16. Nd5 Nxd5 17. exd5 Bd7 $17 {0-1 Karjakin Sergey (UKR)
-Topalov Veselin (BUL)/Dubai (United Arab Emirates) 2002 (33)}) 14... Nd7 $1 {
[%csl Rg3] ץg3} 15. Nd5 {'?!' Mueller,Karsten.} (15. Kb1 {Mueller,Karsten} a6
16. Qe2 b5 17. Nd5 Bxd5 18. Rxd5 Rc5 (18... Rc6 $5 {Mueller,Karsten}) 19. Red1
Rxd5 20. Rxd5 $11 {1/2-1/2 David,A-Tiviakov,S/Saint Vincent ITA 2000/The Week
in Chess 296 (35). (35)}) 15... Bxd5 16. Qxd5 Rc6 $1 {'=/+' Mueller,Karsten. 
What for I have conceded control over the point d5? I hoped that my attack on
the Q-side will become very strong while Nf3 and Bg3 will be in offside.} 17.
Kb1 Qc7 18. c3 Rc8 $36 {<< Mueller,Karsten: 'Black's attacking forces are
getting stronger and stronger. ' Mueller,Karsten: 'Da braut sich etwas gegen
den weißen Monarchen zusammen.'} 19. Bh4 {'?!' Mueller,Karsten.} (19. Nd2 Bg5
$1 20. Nb3 Nb6 21. Qd3 Nc4 $17) (19. Qd3 $15 {Mueller,Karsten}) 19... Nb6 20.
Qd3 (20. Qb3 $2 Bxh4 21. Nxh4 Nc4 $19 {[%cal Rc6b6,Rc4b2]}) 20... g5 $1 {
[%csl Rf3,Rh4][%mdl 32] ><Nf3, Bg3 Mueller,Karsten: 'Such moves should not be
played lightly. But Yacovich has good reasons for g5: White's bishop has no
real influence now, which helps Black's attack. ' Mueller,Karsten: 'Solche
Züge sollte man nie leichtfertig machen. Doch Yakovich hat gute Gründe für ...
g5: der weiße Läufer ist für den Moment außer Spiel, in dem der schwarze
Angriff Fahrt aufnimmt.'} (20... Na4 $6 21. Bxe7 Qb6 22. Rd2 $1 (22. b3 Nxc3+
23. Ka1 Qa5 24. Rd2 Ra6 25. Qc2 Rcc6 $1) 22... Nxc3+ 23. Ka1 Nxe4 24. Qxe4 Rc1+
25. Qb1 $13) (20... Bxh4 $6 21. Nxh4 Na4 22. Re2 Qb6 23. Ka1 $13) 21. Bg3 Na4
$1 {[%csl Rb1,Rb2,Rc3] /\Qb6-+} 22. Re2 $8 (22. Nd2 $2 Nxb2 $1 23. Kxb2 Rxc3
24. Qb5 a6 $1 25. Qd5 Rc2+ 26. Kb1 Qc3 27. Qb3 Rxd2 $19) (22. Ka1 Nxb2 $1 23.
Kxb2 Rxc3 24. Qb5 a6 25. Qd5 Rxf3 $1 26. gxf3 Qc3+ 27. Kb1 Rc4 $19 28. a3 Qb3+)
(22. Qc2 Nxb2 $1 23. Kxb2 Rxc3 24. Qa4 Qc5 $1 {/\25...Rc2 26.Kb1 Rc6 -+} (24...
Rxf3 25. gxf3 Qc3+ 26. Kb1 Rc4 $19) 25. Nd2 b5 26. Qa5 Rc2+ 27. Kb1 Qd4 $19)
22... b5 $1 {[%cal Rb5b4][%mdl 128] Mueller,Karsten: 'Black's pawn advances
are very impressive! ' Mueller,Karsten: 'Die schwarzen Bauernvorstöße
hinterlassen einen starken Eindruck.'} (22... Nxb2 $2 23. Rxb2 Rxc3 24. Qf1 $13
) 23. Rc2 {'?' Mueller,Karsten. Mueller,Karsten: 'White loses the path
completely.' Mueller,Karsten: 'Weiß kommt nun ganz vom Kurs ab.'} (23. Qxb5 $4
{Mueller,Karsten} Nxc3+ 24. bxc3 Rb6 $19) (23. Qc2 $15 {(Mueller,Karsten) /-/+
or oder}) (23. Ka1 $15 {(Mueller,Karsten) /-/+}) 23... b4 $1 24. Qb5 $6 {[#]} (
24. c4 $8 Rxc4 25. Rxc4 Qxc4 26. Qxc4 Rxc4 $17) 24... Nxb2 $1 (24... Nxb2 25.
Rxb2 (25. Kxb2 Rxc3 $1 26. Rcd2 Rc2+ $19) 25... bxc3 26. Rc2 Rb6 $19) 0-1